I-90 States - Sudden Death - Statistics

General Stats
  • This quiz has been taken 24 times
  • The average score is 9 of 13
Answers on the Grid
Answers color-coded by a green-red scale on the quiz's grid according to % correct below.
California
Connecticut
Idaho
Illinois
Indiana
Maine
Maryland
Massachusetts
Minnesota
Montana
New Hampshire
New Jersey
New York
North Carolina
Ohio
Oregon
Pennsylvania
Rhode Island
South Dakota
Tennessee
Texas
Vermont
Virginia
Washington
West Virginia
Wisconsin
Wyoming
 
Answer Stats
Answer % Correct
Ohio
87%
Idaho
83%
Illinois
83%
Indiana
83%
New York
78%
Pennsylvania
78%
Montana
74%
Minnesota
70%
Washington
70%
South Dakota
65%
Wisconsin
65%
Massachusetts
57%
Wyoming
48%
No matching quizzes found
Score Distribution
Percent of People with Each Score
Percentile by Number Answered
Your Score History
You have not taken this quiz